|
|
|
|
| LEADER |
00726nab a2200205 i 4500 |
| 001 |
publ4569 |
| 005 |
20190306134554.0 |
| 008 |
141211s1995 hu o 0|| angol d |
| 022 |
|
|
|a 0583-6050
|
| 024 |
7 |
|
|a 1155987
|2 mtmt
|
| 040 |
|
|
|a SZTE Publicatio Repozitórium
|b hun
|
| 041 |
|
|
|a angol
|
| 100 |
1 |
|
|a Kevei Ferencné
|
| 245 |
1 |
0 |
|a Acidification and other karst soil processes in Hungary
|h [elektronikus dokumentum] /
|c Kevei Ferencné
|
| 260 |
|
|
|c 1995
|
| 300 |
|
|
|a 69-82
|
| 490 |
0 |
|
|a Acta Carsologica
|v 24 No. 2
|
| 700 |
0 |
1 |
|a Mucsi László
|e aut
|
| 856 |
4 |
0 |
|u http://publicatio.bibl.u-szeged.hu/4569/11/1155987.pdf
|z Dokumentum-elérés
|
| 856 |
4 |
0 |
|u http://publicatio.bibl.u-szeged.hu/4569/17/1155987-borito.pdf
|z Dokumentum-elérés
|